50 Questions Sur La France - Statistiques

Statistiques générales
  • Ce quiz a été pris 407 fois
    319 depuis la dernière actualisation
  • Le résultat moyen est 25 sur 51
Statistiques - réponses
Indice Réponse % Correct
Président Actuel Emmanuel Macron
100%
Capitale de la France Paris
100%
Devise Monétaire Euro
97%
Président au Moment de L'attentat du Bataclan François Hollande
92%
Roi surnomé le Roi soleil Louis XIV
92%
Devise Liberté Égalité Fraternité
90%
Premier Président Français de la Ve République Charles de Gaulle
87%
Union Dont La France Fait Partie Union Européenne
81%
Premier Président Français Louis Napoléon Bonaparte
80%
Couleurs du Drapeau Français Bleu Blanc Rouge
77%
Province Canadienne ou l'on Parle Français Québec
76%
Roi de France s'étant fait Guillotiné Louis XVI
75%
Fleuve Qui Coule dans La Capitale Seine
74%
Monument Le Plus Emblématique de la Capitale Tour Eiffel
73%
Chaîne de Montagne dans lequel ce Sommet se Situe Alpes
72%
Successeur de Charles de Gaulle Georges Pompidou
70%
Sommet Le Plus Haut de France Mont Blanc
70%
Date de L'acquisition de La Première Étoile en Coupe du Monde 1998
69%
Date de L'acquisition de La Deuxième Étoile en Coupe du 2018
67%
Pays D'Amérique Ayant Battu La France à La Coupe du Monde 2022 Argentine
63%
Capitale de La France Libre Pendant L'occupation Allemande de 1940 Vichy
63%
Île Française Située Dans La Mer Méditerranée Subdivisée en 2 Départements Corse
62%
Actuel Premier Ministre Gabriel Attal
60%
Nombre de Départements D'outres Mers 5
59%
Union dont La France fait partie depuis 1949 OTAN
57%
Homme Ayant Rendu L'école Gratuite et Obligatoire Jules Ferry
47%
Nombre de Départements 101
46%
Animal National Coq
46%
Femme Symbole de République Française Marianne
46%
Chaîne de Montagne Située à La Frontière avec L'Espagne Pyrénées
45%
Région ou Les Alliées de La Seconde Guerre Mondiale Ont Débarqués en 1944 Normandie
39%
Architecte Ayant Construit la Tour Eiffel Gustave Eiffel
37%
Abolition de La Peine de Mort en France 1981
36%
Religion la Plus Pratiquée en France Christianisme
32%
Apparition des Congés Payés en France 1936
30%
Date de La Création de La Sécurité Sociale 1945
26%
Homme Ayant fait Apparaître Les Congés Payés Léon Blum
19%
Géant du Jeu Vidéo connu pour avoir réalisé La Saga Assassins'Creed Créé en Bretagne Ubisoft
19%
Bonnet qu'elle Portait Bonnet Phrygien
18%
Groupe Ethnique du Maghreb en Majorité sur le Territoire Français Algériens
16%
Ancien Premier Ministre Français Étant le Présecesseur de Élisabeth Borne Jean Castex
16%
Abolition de L'esclavage en France 1848
15%
Empereur des Français de 1804 à 1815 Napoléon Ier
13%
Date de L'inauguration du Métro de Paris 1900
12%
Quel Président à été Assassiné en 1894 Sadi Carnot
8%
Partie de L'Afrique que La France a Colonisée Afrique de L'ouest
6%
Siècle au Quel Charlemagne à Régné IXe Siècle
6%
Dates de La Guerre de 100 ans 1337 1453
5%
Président Ayant Le Mandat Le Plus Court de L'histoire de France Jean Casimir Périer
3%
Sous Ce Président La Fête National à été Choisie Jules Grévy
3%
Superficie de la France 648 000 km²
0%
Aucun quiz correspondant
Distribution des résultats
% des personnes avec chaque résultat
Percentile par nombre de réponses
Votre historique - résultats
Vous n’avez pas pris ce quiz depuis la dernière actualisation